000 01923nam0a2200373 4500
001 RU\NLR\bibl\1447428
005 20250615230538.0
010 _a978-5-9967-0048-6
_9300
021 _aRU
_b2009-81941
_95143
035 _a(NLR Aleph) 001439258
090 _a1452356
_c1452356
100 _a20091012d2009 |||y0rusy50 ca
101 0 _arus
102 _aRU
105 _aa |||||||||
200 1 _aВакуумная ионно-плазменная и ионно-лучевая модификация поверхности металлов
_eсостав. Структура. Свойства. Получение. Исследование
_eмонография
_fДубский Г.А., Платов С.И.
_gМ-во образования и науки Рос. Федерации, Гос. образоват. учреждение высш. проф. образования "Магнитогор. гос. техн. ун-т им. Г.И. Носова"
210 _aМагнитогорск
_cИздательский центр ГОУ ВПО "МГТУ"
_d2009
215 _a392 с.
_cил.
_d21
320 _aБиблиогр. в конце гл.
606 1 _aМеталлы
_xИонная имплантация
_91200763
_3RU\NLR\auth\66486017
606 1 _aМеталлы
_xИонно-плазменная обработка в вакууме
_92416479
_3RU\NLR\auth\661439386
610 0 _aионно-лучевая имплантация металлов
686 _aК663.033.057-1,0
_2rubbk
686 _aК209.1
686 _aК557
700 1 _aДубский
_bГ. А.
_gГеннадий Алексеевич
_4070
701 1 _4070
_aПлатов
_bС. И.
_gСергей Иосифович
_9160241
_3RU\NLR\AUTH\770160282
801 0 _aRU
_bРКП
_c20091012
_grcr
801 1 _aRU
_bРГБ
_c20091012
801 2 _aRU
_bNLR
_c20091204
_grcr
942 _cBOOK
980 _aNB